Catalog

Record Details

Catalog Search



Available copies

  • 4 of 4 copies available at LARL/NWRL Consortium.
  • 3 of 3 copies available at Lake Agassiz Regional Library. (Show preferred library)

Current holds

0 current holds with 4 total copies.

Show Only Available Copies
Location Call Number / Copy Notes Barcode Shelving Location Status Due Date
Detroit Lakes Public Library ARD (Text) 33500012506408 Main Available -
Moorhead Public Library ARD (Text) 33500012420279 Main Available -
Moorhead Public Library ARD (Text) 33500012506416 Main Available -
Roseau Public Library ARD (Text) 35500005915150 Main Available -

Record details

  • ISBN: 9781101885932
  • ISBN: 1101885939
  • Physical Description: pages cm
  • Publisher: New York : Del Rey, 2017.

Content descriptions

Summary, etc.:
"A magical debut novel for readers of Naomi ... Read More
"In a village at the edge of the wilderness of ... Read More
Subject: Young women > Fiction.
Villages > Fiction.
Good and evil > Fiction.
Spirits > Fiction.
Magic > Fiction.
Russia > Fiction.
FICTION > Fantasy > General.
FICTION > Literary.
Good and evil.
Magic.
Spirits.
Villages
Young women
Russia.
Genre: Fiction.
Fantasy fiction.
LDR 04695cam a22005538i 4500
001221886
003LARL_NWRL_CONSORTIUM
00520171130164719.0
008160510s2017 nyu 000 1 eng
020 . ‡a9781101885932 ‡q(hardback)
020 . ‡a1101885939 ‡q(hardback)
035 . ‡a(OCoLC)949760222
042 . ‡apcc
043 . ‡ae-ur---
08200. ‡a813/.6 ‡223
084 . ‡aFIC009000 ‡aFIC019000 ‡2bisacsh
1001 . ‡aArden, Katherine, ‡eauthor. ‡0(LARL_NWRL_CONSORTIUM)221419
24514. ‡aThe bear and the nightingale. ‡n#1 / ‡cKatherine Arden.
2463 . ‡aBear & the nightingale
264 1. ‡aNew York : ‡bDel Rey, ‡c2017.
300 . ‡apages cm
336 . ‡atext ‡btxt ‡2rdacontent
337 . ‡aunmediated ‡bn ‡2rdamedia
338 . ‡avolume ‡bnc ‡2rdacarrier
4900 . ‡aWinternight ; ‡v1
520 . ‡a"A magical debut novel for readers of Naomi Novik's Uprooted, Erin Morgenstern'sThe Night Circus, and Neil Gaiman's myth-rich fantasies, The Bear and the Nightingale spins an irresistible spell as it announces the arrival of a singular talent with a gorgeous voice. At the edge of the Russian wilderness, winter lasts most of the year and the snowdrifts grow taller than houses. But Vasilisa doesn't mind--she spends the winter nights huddled around the embers of a fire with her beloved siblings, listening to her nurse's fairy tales. Above all, she loves the chilling story of Frost, the blue-eyed winter demon, who appears in the frigid night to claim unwary souls. Wise Russians fear him, her nurse says, and honor the spirits of house and yard and forest that protect their homes from evil. After Vasilisa's mother dies, her father goes to Moscow and brings home a new wife. Fiercely devout, city-bred, Vasilisa's new stepmother forbids her family from honoring the household spirits. The family acquiesces, but Vasilisa is frightened, sensing that more hinges upon their rituals than anyone knows. And indeed, crops begin to fail, evil creatures of the forest creep nearer, and misfortune stalks the village. All the while, Vasilisa's stepmother grows ever harsher in her determination to groom her rebellious stepdaughter for marriage or confinement in a convent. As danger circles nearer, Vasilisa must defy even the people she loves and call on dangerous gifts she has long concealed--this, in order to protect her family from a threat that seems to have stepped from her nurse's most frightening tales. Advance praise for The Bear and the Nightingale "An extraordinary retelling of a very old tale. A Russian setting adds unfamiliar spice to the story of a young woman who does not rebel against the limits of her role in her culture so much as transcend them. The Bear and the Nightingale is a wonderfully layered novel of family and the harsh wonders of deep winter magic."--Robin Hobb, bestselling author of the Fitz and the Fool trilogy "A beautiful deep-winter story, full of magic and monsters and the sharp edges of growing up."--Naomi Novik, bestselling author of Uprooted"-- ‡cProvided by publisher.
520 . ‡a"In a village at the edge of the wilderness of northern Russia, where the winds blow cold and the snow falls many months of the year, a stranger with piercing blue eyes presents a new father with a gift - a precious jewel on a delicate chain, intended for his young daughter. Uncertain of its meaning, Pytor hides the gift away and Vasya grows up a wild, willful girl, to the chagrin of her family. But when mysterious forces threaten the happiness of their village, Vasya discovers that, armed only with the necklace, she may be the only one who can keep the darkness at bay"-- ‡cProvided by publisher.
650 0. ‡aYoung women ‡vFiction. ‡0(LARL_NWRL_CONSORTIUM)168213
650 0. ‡aVillages ‡vFiction. ‡0(LARL_NWRL_CONSORTIUM)167843
650 0. ‡aGood and evil ‡vFiction. ‡0(LARL_NWRL_CONSORTIUM)165509
650 0. ‡aSpirits ‡vFiction. ‡0(LARL_NWRL_CONSORTIUM)175234
650 0. ‡aMagic ‡vFiction. ‡0(LARL_NWRL_CONSORTIUM)165984
651 0. ‡aRussia ‡vFiction. ‡0(LARL_NWRL_CONSORTIUM)168803
650 7. ‡aFICTION ‡xFantasy ‡xGeneral. ‡2bisacsh
650 7. ‡aFICTION ‡xLiterary. ‡2bisacsh
650 7. ‡aGood and evil. ‡2fast ‡0(LARL_NWRL_CONSORTIUM)21378
650 7. ‡aMagic. ‡2fast ‡0(LARL_NWRL_CONSORTIUM)24943
650 7. ‡aSpirits. ‡2fast ‡0(LARL_NWRL_CONSORTIUM)31721
650 7. ‡2fast ‡aVillages ‡0(LARL_NWRL_CONSORTIUM)33956
650 7. ‡2fast ‡aYoung women ‡0(LARL_NWRL_CONSORTIUM)35114
651 7. ‡aRussia. ‡2fast ‡0(LARL_NWRL_CONSORTIUM)3597
655 7. ‡aFiction. ‡2fast
655 7. ‡aFantasy fiction. ‡2gsafd
77608. ‡iOnline version: ‡aArden, Katherine, author. ‡tBear and the nightingale. ‡dNew York : Del Rey, 2017 ‡z9781101885949 ‡w(DLC) 2016022241
905 . ‡uvanderl
901 . ‡a221886 ‡b ‡c221886 ‡tbiblio ‡soclc

Additional Resources